Estadísticas para preguntas de geografia

Haz click aquí para intentar la prueba.

Estadísticas generales

  • Esta prueba ha sido intentada 357 veces
  • La puntuación promedio es 10 de 15

Estadísticas de respuestas

PreguntaRespuesta% Correcto
¿cual bandera del mundo es blanca y en el centro un circulo rojo?japon
95%
la bandera de austria esroja y blanca
90%
¿cual de estos paises NO es de africa?oman
85%
¿cual pais es mas grande?argentina
79%
¿cual pais es mas grande?rumania
79%
¿cuantos estados tiene estados unidos?50
75%
¿cual pais tiene mas poblacion?china
75%
¿cual es el idioma oficial de jamaica?ingles
71%
¿que pais esta en la union europea?grecia
63%
¿cual pais esta al sur de polonia,al oeste de ucrania,al este de alemania y al norte de hungria?republica checa
61%
¿cuantos paises tiene africa?54
57%
¿en donde se concentra la mayor parte de la poblacion china?al este
57%
¿cual es el desierto mas grande?la antartica
44%
¿cuantos integrantes tiene la ONU?193
39%
¿con cuantos paises limita francia (sin incluir los territorios de ultramar)8
28%

Distribución de puntuación

Porcentaje por número respondido

Porcentaje de gente con cada puntuación

Historial de tus puntuaciones

No has intentado esta prueba.